Score 0/18 Timer 03:00
2 Plays Today
Scrambled Country.... ...Unscrambled Country % Correct
CEEEGRGreece
96.4%
AILTYItaly
94.6%
BEEILZBelize
89.4%
AELNPNepal
88.6%
AADGNUUganda
78.5%
AADNORRAndorra
75.5%
AEGIIRNNigeria
73.5%
AAABEIJNRZAzerbaijan
71.6%
BDIIJOTUDjibouti
68.6%
Scrambled Country.... ...Unscrambled Country % Correct
ADEKMNRDenmark
66.5%
AAAILRSTUAustralia
66.4%
AAEGINNRTArgentina
65.2%
AAEGILRAlgeria
64.6%
AADNRWRwanda
64.4%
AEIKNRUUkraine
61.9%
AABNOSTWBotswana
52.6%
ALTUUVTuvalu
50.8%
The first letter from each answer will give you the mystery countryAntigua and Barbuda
39.1%

You're not logged in!

Compare scores with friends on all Sporcle quizzes.
OR
Log In

Sporcle TV

Today on Sporcle TV


Watch our educational content, quiz creation guides, and fun videos on Sporcle TV.

Show Comments

Extras

Top Quizzes Today


Score Distribution

Your Account Isn't Verified!

In order to create a playlist on Sporcle, you need to verify the email address you used during registration. Go to your Sporcle Settings to finish the process.

Report this User

Report this user for behavior that violates our Community Guidelines.

Details: